000
00250nam a2200097Ia 4500
001
1029651
005
20250826231432.0
008
250824s9999 xx 000 0 und d
245
0
_a
SALYANGOZ AVCILARI
_c
FEYZA KARTOPU
260
_b
CEZVE KİTAP YAYINLARI
999
_c
1029651
_d
1029651